| 000 | 00661cam a2200217 a 4500 | ||
|---|---|---|---|
| 001 | 000018388 | ||
| 005 | 20200929165504.0 | ||
| 008 | 820122s1980 ho 000 f spa d | ||
| 040 |
_aDO-SdBNP _bspa _cDLC _dBNPHU |
||
| 082 |
_aH863.44 _bC277u |
||
| 100 | 1 |
_aCarías, Marcos, _d1938- _93510 |
|
| 245 | 1 | 4 |
_aUna función con móbiles y tentetiesos / _cMarcos Carías. |
| 260 |
_aTegucigalpa, Hondura : _bEditorial Guaymuras, _c1980. |
||
| 300 |
_a357 p. ; _c21 cm. |
||
| 490 | 1 | _aFragua | |
| 650 | 4 |
_aNovela hondureña _939822 |
|
| 650 | 4 |
_aLiteratura hondureña _9836 |
|
| 830 | 0 |
_aFragua. _939823 |
|
| 910 | _aCatalogación por derivada / LC | ||
| 049 | _aBNGR | ||
| 999 |
_c17909 _d17909 |
||